| 000 | 01372nam0a2200361 4500 | ||
|---|---|---|---|
| 001 | RU\NLR\bibl\8129 | ||
| 005 | 20250615010411.0 | ||
| 010 |
_a5-87427-014-0 _9100 |
||
| 035 | _a(NLR Aleph) 000007938 | ||
| 090 |
_a24950 _c24950 |
||
| 100 | _a19981120d1998 |||y0rusy50 ca | ||
| 101 | 0 | _arus | |
| 102 | _aRU | ||
| 105 | _a||||||||||||| | ||
| 200 | 1 |
_aВоспоминания _fЮрий Люба |
|
| 210 |
_aСПб. _cНИЦ "Мемориал" _d1998 |
||
| 215 |
_a[1], 249 с. _cпортр., факс. _d20 |
||
| 300 | _aКн. выпущена на средства вдовы авт. | ||
| 333 | _a18+ | ||
| 606 | 0 |
_aРепрессии 30 - 40-ых и нач. 50-ых гг. в СССР _jВоспоминания, записки и т.п. _91213372 _3RU\NLR\auth\66174418 |
|
| 686 | _aТ3(2)7-3,013 | ||
| 686 | _aШ6(2=Р)75-491 | ||
| 700 | 1 |
_aЛюба _bЮ. Б. _f1914-1992 _gЮрий Борисович _4070 |
|
| 801 | 0 |
_aRU _bNLR _c19981120 _gPSBO |
|
| 801 | 1 |
_aRU _bNLR _c19981120 |
|
| 830 | _aАвт. раскрыт по кн. | ||
| 852 |
_aNLR _j98-3/7252 |
||
| 942 | _cBOOK | ||
| 980 | _aNB | ||
| 980 | _aIA | ||
| 996 |
_aиноагент _bo _cРегиональное общественное учреждение научно-информационный центр «МЕМОРИАЛ» |
||